| 000 | 01402cam a22003617a 4500 | ||
|---|---|---|---|
| 003 | CHAP | ||
| 005 | 20220817043018.0 | ||
| 008 | 971014s1996 r 00010 d | ||
| 010 | _a62651 | ||
| 011 | _a63623 | ||
| 035 | _a67799 | ||
| 040 | _cCHAP | ||
| 082 |
_a378 _bM8 |
||
| 100 | 0 | 0 |
_aMuñoz Izquierdo, Carlos. _979619 |
| 245 | 0 |
_aDiferenciación institucional de la educación superior y mercados de trabajo _b: seguimiento de egresados de diferentes instituciones a partir de las universidades de origen y de las empresas en que trabajan |
|
| 260 |
_aMéxico, D.F. : _bAsociación Nacional de Universidades e Instituciones de Educación Superior, _c1996 |
||
| 300 |
_a246 p. _b: gráfs. |
||
| 410 | _aANUIES | ||
| 490 | 0 | _aBiblioteca de la educación superior. Serie investigaciones | |
| 590 |
_aBATCH-UPD _b10 _c20130110 _lUCH01 _h0510 |
||
| 590 |
_aBATCH-UPD _b10 _c20130110 _lUCH01 _h2237 |
||
| 590 |
_aBATCH-UPD _b10 _c20130410 _lUCH01 _h0148 |
||
| 590 |
_aBATCH-UPD _b10 _c20130914 _lUCH01 _h0618 |
||
| 590 |
_aCONVERSION _b10 _c20130109 _lUCH01 _h1334 |
||
| 650 | 1 | 4 | _aEducación superior. |
| 650 | 1 | 4 |
_aProfesionistas. _992240 |
| 650 | 1 | 4 |
_aTrabajo _xOfertas de. _9114483 |
| 810 | 0 | 0 |
_aANUIES _96161 |
| 830 | 0 | _aBiblioteca de la educación superior. Serie investigaciones | |
| 901 | _aBK | ||
| 942 | _cLIBRO | ||
| 949 |
_a378 M8 _bBC _cLIBRO _d33724000633954 _eLIBRO _gI.c/e _h92357 _i67799 _sb |
||
| 999 |
_c62651 _d62651 |
||